Normal view
MARC view
Entry Personal Name
001 - CONTROL NUMBER
- control field: 66639
003 - CONTROL NUMBER IDENTIFIER
- control field: OSt
005 - DATE AND TIME OF LATEST TRANSACTION
- control field: 20170120154924.0
008 - FIXED-LENGTH DATA ELEMENTS
- fixed length control field: 170120|| aca||aabn | a|a d
040 ## - CATALOGING SOURCE
- Original cataloging agency: OSt
- Transcribing agency: OSt
100 ## - HEADING--PERSONAL NAME
- Personal name: सम्पादक मध्ुादीप
670 ## - SOURCE DATA FOUND
- Source citation: Work cat.: (OSt): सम्पादक मध्ुादीप , पडाव और पडताल खण्ड 7, 2014









